000 002510000a22001210004500
082 0 4 _aGI CD D632dd
110 1 _aWalt Disney
245 1 0 _a101 Dalmatians / Walt Disney
300 _a24 P.
650 1 4 _aLiteratura Infantil
001 228
942 _cLGB
999 _c47481
_d47481